Historia contemporánea de América Latina / (Registro nro. 1071)
[ vista simple ]
| 000 -LEADER | |
|---|---|
| fixed length control field | 01834nam a22002777a 4500 |
| 003 - CONTROL NUMBER IDENTIFIER | |
| control field | AR-RoUNCS |
| 005 - DATE AND TIME OF LATEST TRANSACTION | |
| control field | 20260701142752.0 |
| 007 - PHYSICAL DESCRIPTION FIXED FIELD--GENERAL INFORMATION | |
| fixed length control field | ta |
| 008 - FIXED-LENGTH DATA ELEMENTS--GENERAL INFORMATION | |
| fixed length control field | 260701s2006 ag |||||r|||| 00| 0 spa d |
| 020 ## - INTERNATIONAL STANDARD BOOK NUMBER | |
| International Standard Book Number | 9504000193 |
| 040 ## - CATALOGING SOURCE | |
| Original cataloging agency | AR-RoUNCS |
| Language of cataloging | spa |
| Transcribing agency | AR-RoUNCS |
| 041 ## - LANGUAGE CODE | |
| Language code of text/sound track or separate title | spa |
| 100 1# - MAIN ENTRY--PERSONAL NAME | |
| Personal name | Halperin Donghi, Tulio |
| Relator term | autor |
| 245 10 - TITLE STATEMENT | |
| Title | Historia contemporánea de América Latina / |
| Statement of responsibility, etc. | Tulio Halperin Donghi. |
| 250 ## - EDITION STATEMENT | |
| Edition statement | 6a ed. |
| 260 ## - PUBLICATION, DISTRIBUTION, ETC. | |
| Place of publication, distribution, etc. | Buenos Aires : |
| Name of publisher, distributor, etc. | Alianza, |
| Date of publication, distribution, etc. | 2006. |
| 300 ## - PHYSICAL DESCRIPTION | |
| Extent | 774 p. ; |
| Dimensions | 20 cm. |
| 490 0# - SERIES STATEMENT | |
| Series statement | Alianza Estudio ; |
| Volume/sequential designation | 3 |
| 505 ## - FORMATTED CONTENTS NOTE | |
| Title | Primera parte: Del orden colonial al neocolonial. |
| Miscellaneous information | El legado colonial ; La crisis de Independencia ; La larga espera: 1825-1850. |
| 505 ## - FORMATTED CONTENTS NOTE | |
| Title | Segunda parte: El orden neocolonial. |
| Miscellaneous information | Surgimiento del orden neocolonial ; Madurez del orden neocolonial. |
| 505 ## - FORMATTED CONTENTS NOTE | |
| Title | Tercera parte: Agotamiento del orden neocolonial. |
| Miscellaneous information | La búsqueda del nuevo equilibrio ; Una encrucijada decisiva y su herencia: Latinoamérica desde 1960. |
| 520 ## - SUMMARY, ETC. | |
| Summary, etc. | Este texto medular —verdadero clásico de la historiografía americana— elabora una historia conjunta de Latinoamérica que brinda una perspectiva más dinámica e intrincada de las historias nacionales.<br/>Tulio Halperin Donghi, historiador argentino de sólido prestigio internacional, señala en este libro las características comunes de un proceso que, arrancando desde el período colonial, y tras las guerras de independencia y la formación de repúblicas soberanas, prosigue con una situación de neocolonialismo, cuyas consecuencias llegan hasta el presente. Si bien, como lo señala con claridad, el proceso no es homogéneo y ha sido alterado en varias ocasiones, particularmente en la segunda mitad del siglo XX. |
| 650 #7 - SUBJECT ADDED ENTRY--TOPICAL TERM | |
| Source of heading or term | embne |
| Topical term or geographic name entry element | América Latina |
| Form subdivision | Historia |
| 650 #7 - SUBJECT ADDED ENTRY--TOPICAL TERM | |
| Source of heading or term | embne |
| Topical term or geographic name entry element | Colonización |
| 942 ## - ADDED ENTRY ELEMENTS (KOHA) | |
| Source of classification or shelving scheme | Universal Decimal Classification |
| Koha item type | Obra General |
| Suppress in OPAC | No |
| Withdrawn status | Lost status | Source of classification or shelving scheme | Damaged status | Not for loan | Collection | Home library | Current library | Date acquired | Total checkouts | Full call number | Barcode | Date last seen | Price effective from | Koha item type |
|---|---|---|---|---|---|---|---|---|---|---|---|---|---|---|
| Universal Decimal Classification | Colección General | Biblioteca Escuela de Ciencias Sociales | Biblioteca Escuela de Ciencias Sociales | 01/07/2026 | 94(7/8) H195 | 001549 | 01/07/2026 | 01/07/2026 | Obra General |